[Event "Schachwoche"]
[Site "Doerentrup"]
[Date "2006.06.10"]
[Round "1"]
[White "Stabolewski, Andreas"]
[Black "Kumeth, Hartmut"]
[Result "1-0"]
[WhiteElo "2228"]
[BlackElo "1600"]
[PlyCount "65"]
[EventDate "2006.??.??"]

1. Nf3 d5 2. c4 e6 3. g3 Nf6 4. Bg2 Be7 5. O-O O-O 6. d4 Nbd7 7. b3 Re8 8. Nc3
c6 9. Qc2 Nf8 10. Rd1 Bd7 11. Ne5 Rc8 12. Bb2 Bb4 13. a3 Bd6 14. e4 dxe4 15.
Nxe4 Nxe4 16. Bxe4 f6 17. Nxd7 Qxd7 18. b4 Qf7 19. Qb3 f5 20. Bg2 e5 21. d5 c5
22. bxc5 Rxc5 23. a4 Rc7 24. Ba3 Bxa3 25. Rxa3 e4 26. Bf1 Kh8 27. a5 Ng6 28. d6
Rd7 29. c5 Qxb3 30. Rxb3 a6 31. Bxa6 Ne5 32. Rxb7 Nf3+ 33. Kg2 1-0

[Event "Schachwoche"]
[Site "Doerentrup"]
[Date "2006.06.10"]
[Round "1"]
[White "Petrasch, Hans-Jürgen"]
[Black "Wempe, Jürgen"]
[Result "0-1"]
[WhiteElo "1641"]
[BlackElo "2208"]
[PlyCount "54"]
[EventDate "2006.??.??"]

1. c4 f5 2. Nf3 d6 3. d4 Nf6 4. Nc3 a5 5. e3 e6 6. Be2 Be7 7. O-O O-O 8. b3 Qe8
9. Bb2 Na6 10. a3 c6 11. Rc1 e5 12. dxe5 dxe5 13. Nxe5 Be6 14. Qc2 Bd6 15. Na4
b5 16. cxb5 cxb5 17. Nb6 Rb8 18. Qc6 Qd8 19. Bd4 Nc7 20. Bxb5 Nxb5 21. Qxb5
Bxa3 22. Nc6 Qe8 23. Rc2 Bb4 24. Qa4 f4 25. Qa2 f3 26. Nxb8 Qg6 27. g3 Qf5 0-1

[Event "Schachwoche"]
[Site "Doerentrup"]
[Date "2006.06.10"]
[Round "1"]
[White "Peters, Frank"]
[Black "Tamm, Rudolf"]
[Result "1-0"]
[WhiteElo "2087"]
[BlackElo "1647"]
[PlyCount "67"]
[EventDate "2006.??.??"]

1. c4 Nf6 2. Nc3 c5 3. Nf3 Nc6 4. d4 cxd4 5. Nxd4 e6 6. e3 Bb4 7. Qc2 Qb6 8. a3
Bxc3+ 9. Qxc3 O-O 10. c5 Qd8 11. b4 d5 12. Bb2 Ne4 13. Nxc6 Qg5 14. Ne7+ Kh8
15. Qe5 Bd7 16. Qxg5 Nxg5 17. c6 bxc6 18. Rc1 a6 19. Nxc6 Rfc8 20. b5 f6 21. a4
Nf7 22. Bd3 Nd6 23. Kd2 axb5 24. axb5 Ra2 25. Rc2 e5 26. Ra1 Rxa1 27. Bxa1 e4
28. Be2 h6 29. Bb2 Be6 30. Nd4 Rxc2+ 31. Kxc2 Bd7 32. Ba3 Nb7 33. b6 Kg8 34.
Ba6 1-0

[Event "Schachwoche"]
[Site "Doerentrup"]
[Date "2006.06.10"]
[Round "1"]
[White "Meyer, Gerd"]
[Black "Kreie, Günther"]
[Result "1-0"]
[WhiteElo "2057"]
[BlackElo "1968"]
[PlyCount "63"]
[EventDate "2006.??.??"]

1. e4 c5 2. c3 e5 3. d4 cxd4 4. cxd4 exd4 5. Nf3 Bc5 6. a3 Nf6 7. b4 Bb6 8. Bg5
h6 9. Bh4 O-O 10. Bd3 d6 11. O-O Nc6 12. Nbd2 Ne5 13. Nxe5 dxe5 14. f4 exf4 15.
e5 g5 16. exf6 Qxf6 17. Ne4 Qg7 18. Bf2 Be6 19. Nd6 Rab8 20. Rc1 Rfd8 21. Nc4
Bc7 22. Re1 Qf6 23. Nd2 Rbc8 24. Ne4 Qg7 25. Nc5 Bd5 26. Bf5 Be5 27. Bxc8 Rxc8
28. Nd7 Rxc1 29. Qxc1 Bd6 30. Re8+ Kh7 31. Qc2+ Qg6 32. Nf6+ 1-0

[Event "Schachwoche"]
[Site "Doerentrup"]
[Date "2006.06.11"]
[Round "2"]
[White "Peters, Frank"]
[Black "Kumeth, Hartmut"]
[Result "1-0"]
[WhiteElo "2087"]
[BlackElo "1600"]
[PlyCount "59"]
[EventDate "2006.??.??"]

1. c4 c5 2. Nc3 b6 3. g3 Bb7 4. e4 e5 5. Bg2 Nf6 6. Nge2 Be7 7. O-O d6 8. d3
Bc6 9. h3 Qc8 10. f4 Bd7 11. Kh2 Nc6 12. Nd5 Nd4 13. Nxd4 cxd4 14. fxe5 dxe5
15. Nxe7 Kxe7 16. Bg5 h6 17. Bd2 a5 18. b4 Nh7 19. Qh5 f6 20. Rfc1 Qe8 21. Qe2
Ng5 22. bxa5 bxa5 23. Rab1 Bc6 24. Rb6 Kd6 25. Qe1 a4 26. Bb4+ Ke6 27. h4 Nf7
28. Bh3+ f5 29. Bxf5+ Kf6 30. Qf2 1-0

[Event "Schachwoche"]
[Site "Doerentrup"]
[Date "2006.06.11"]
[Round "2"]
[White "Meyer, Gerd"]
[Black "Wempe, Jürgen"]
[Result "0-1"]
[WhiteElo "2057"]
[BlackElo "2208"]
[PlyCount "108"]
[EventDate "2006.??.??"]

1. e4 c5 2. c3 d6 3. d4 Nf6 4. Bd3 e5 5. d5 Be7 6. f4 exf4 7. Bxf4 O-O 8. Nf3
Re8 9. O-O Qb6 10. Qb3 c4+ 11. Qxb6 axb6 12. Bxc4 Nxe4 13. Nbd2 Nxd2 14. Nxd2
Bd7 15. Ne4 b5 16. Bd3 Ra6 17. a4 f5 18. Nxd6 Bxd6 19. Bxd6 Rxd6 20. axb5 g6
21. Ra8 Kg7 22. c4 Kf6 23. Kf2 g5 24. Rfa1 Bxb5 25. cxb5 Rxd5 26. Rd1 Red8 27.
Ke2 Nc6 28. bxc6 Rxa8 29. cxb7 Re8+ 30. Kf2 Rd7 31. Re1 Red8 32. Ba6 Rd6 33.
Bc4 Rb6 34. b3 Rxb7 35. Re6+ Kg7 36. Ke3 h5 37. Re5 Rf8 38. Kd4 h4 39. Kc3 g4
40. b4 Kf6 41. Rc5 f4 42. Bd5 Rb6 43. b5 Ke7 44. Kd4 f3 45. gxf3 gxf3 46. Bc4
f2 47. Re5+ Kd7 48. Bf1 Rd6+ 49. Kc4 Rd1 50. Rd5+ Rxd5 51. Kxd5 Rc8 52. b6 Rc1
53. Bh3+ Kd8 54. b7 Kc7 0-1

[Event "Schachwoche"]
[Site "Doerentrup"]
[Date "2006.06.11"]
[Round "2"]
[White "Kreie, Günther"]
[Black "Stabolewski, Andreas"]
[Result "0-1"]
[WhiteElo "1968"]
[BlackElo "2228"]
[PlyCount "75"]
[EventDate "2006.??.??"]

1. e4 c5 2. Nf3 Nc6 3. d4 cxd4 4. Nxd4 Nf6 5. Nc3 e5 6. Ndb5 d6 7. Bg5 a6 8.
Na3 b5 9. Nd5 Be7 10. Nxe7 Nxe7 11. Qf3 Bg4 12. Qg3 h5 13. f3 Be6 14. Qf2 d5
15. Bd3 dxe4 16. Bxe4 Nxe4 17. fxe4 b4 18. Nb1 Qd4 19. Qxd4 exd4 20. Nd2 Rc8
21. Nf3 Rxc2 22. Nxd4 Rxb2 23. O-O h4 24. h3 Ng6 25. Nxe6 fxe6 26. Rad1 Ne7 27.
Rf2 Rxf2 28. Kxf2 Rh5 29. Be3 Ra5 30. Rd2 Nc6 31. Kf3 Ne5+ 32. Kf4 g5+ 33. Kxg5
Nc4+ 34. Kf4 Nxd2 35. Bxd2 Ra4 36. Ke5 a5 37. Bg5 Rxa2 38. Kxe6 0-1

[Event "Schachwoche"]
[Site "Doerentrup"]
[Date "2006.06.12"]
[Round "3"]
[White "Kumeth, Hartmut"]
[Black "Kreie, Günther"]
[Result "1/2-1/2"]
[WhiteElo "1600"]
[BlackElo "1968"]
[PlyCount "101"]
[EventDate "2006.??.??"]

1. d4 Nf6 2. c4 e6 3. Nc3 Bb4 4. Bd2 O-O 5. a3 Bxc3 6. Bxc3 d5 7. e3 Nbd7 8.
Nf3 c5 9. dxc5 Nxc5 10. Qc2 Nce4 11. Bxf6 Qxf6 12. Bd3 Bd7 13. O-O Bc6 14. Nd4
Rac8 15. Bxe4 dxe4 16. Nxc6 Rxc6 17. Qxe4 Qxb2 18. Rab1 Qxa3 19. Rxb7 Rfc8 20.
Qxc6 Rxc6 21. Rb8+ Qf8 22. Rxf8+ Kxf8 23. Rc1 Rc5 24. Kf1 Ke7 25. Ke2 Kd6 26.
Kd3 Ra5 27. Rc2 Ra3+ 28. Kd4 e5+ 29. Ke4 Ra4 30. Kf5 Ra5 31. g4 Rc5 32. h4 a5
33. Ke4 a4 34. f4 exf4 35. exf4 Ra5 36. Kd4 a3 37. Ra2 Kc6 38. h5 f6 39. g5
fxg5 40. fxg5 Kb6 41. h6 g6 42. Kc3 Rxg5 43. Kb4 Ra5 44. c5+ Rxc5 45. Rxa3 Rh5
46. Kc4 Rxh6 47. Kd5 Kc7 48. Ke5 g5 49. Kf5 Rh1 50. Kxg5 Kd6 51. Re3 1/2-1/2

[Event "Schachwoche"]
[Site "Doerentrup"]
[Date "2006.06.12"]
[Round "3"]
[White "Tamm, Rudolf"]
[Black "Meyer, Gerd"]
[Result "0-1"]
[WhiteElo "1647"]
[BlackElo "2057"]
[PlyCount "120"]
[EventDate "2006.??.??"]

1. e4 e5 2. Nf3 Nc6 3. Bb5 f5 4. Bxc6 dxc6 5. Nxe5 Qd4 6. Nf3 Qxe4+ 7. Qe2 Bd6
8. Nc3 Qxe2+ 9. Nxe2 h6 10. d3 Bd7 11. Bd2 Ne7 12. O-O-O O-O-O 13. Kb1 g5 14.
Bc3 Rhg8 15. Ne5 Be6 16. f4 Nd5 17. g3 gxf4 18. gxf4 Rg2 19. Rde1 Re8 20. Bd2
Bg8 21. d4 c5 22. Bc1 cxd4 23. Nxd4 Bh7 24. Ndf3 Rf2 25. Rhf1 Rxf1 26. Rxf1 Rg8
27. Rg1 Rxg1 28. Nxg1 Kd8 29. Ngf3 Ke7 30. Bd2 Kf6 31. c4 Ne7 32. Bc3 Ng6 33.
Ng4+ Ke7 34. Nf6 Nf8 35. Nd5+ Kf7 36. Ne5+ Ke6 37. Nd3 Bg6 38. Nf6 c6 39. c5
Bc7 40. Ng8 h5 41. Kc2 Nd7 42. Kd2 Bh7 43. Nh6 Nf6 44. Ke2 Ng4 45. Nxg4 fxg4
46. Ne5 Kd5 47. b4 Ke4 48. Bd2 Bxe5 49. fxe5 Kxe5 50. Ke3 Kd5 51. a4 a5 52.
bxa5 Kxc5 53. Kf4 Bg6 54. Be3+ Kc4 55. Kg5 Be8 56. Bb6 c5 57. Kf4 Kb4 58. Ke3
c4 59. Kd2 c3+ 60. Kc1 Bxa4 0-1

[Event "Schachwoche"]
[Site "Doerentrup"]
[Date "2006.06.12"]
[Round "3"]
[White "Petrasch, Hans-Jürgen"]
[Black "Peters, Frank"]
[Result "0-1"]
[WhiteElo "1641"]
[BlackElo "2087"]
[PlyCount "58"]
[EventDate "2006.??.??"]

1. c4 g6 2. Nc3 Bg7 3. Nf3 d6 4. d4 c6 5. e4 Nd7 6. Be3 e5 7. Be2 Ngf6 8. h3
O-O 9. dxe5 dxe5 10. O-O Qe7 11. Qc2 Nh5 12. Nh2 Nf4 13. Bg4 h5 14. Bxd7 Bxd7
15. Bxf4 exf4 16. Rad1 Be6 17. Ne2 g5 18. Nd4 Bxd4 19. Rxd4 c5 20. Rd2 Rad8 21.
Rfd1 Rxd2 22. Rxd2 g4 23. hxg4 hxg4 24. g3 f3 25. b3 Qg5 26. Nf1 Kg7 27. Ne3
Qh5 28. Nd5 Bxd5 29. Rxd5 Qh3 0-1

[Event "Schachwoche"]
[Site "Doerentrup"]
[Date "2006.06.12"]
[Round "3"]
[White "Stabolewski, Andreas"]
[Black "Wempe, Jürgen"]
[Result "0-1"]
[WhiteElo "2228"]
[BlackElo "2208"]
[PlyCount "92"]
[EventDate "2006.??.??"]

1. d4 f5 2. e4 fxe4 3. Nc3 g6 4. Nxe4 d5 5. Ng3 Qd6 6. Nf3 Bg7 7. c3 Nc6 8. Bb5
Bg4 9. h3 Bxf3 10. Qxf3 O-O-O 11. O-O Rf8 12. Qg4+ Kb8 13. Re1 Bxd4 14. cxd4
Qb4 15. Be3 Qxb5 16. Rec1 Nf6 17. Qd1 Nd7 18. b4 Nb6 19. a4 Qxb4 20. Rc5 Rf6
21. a5 Nc4 22. Ne2 Rd8 23. Qc1 Qb2 24. Qe1 Nxe3 25. fxe3 Rdf8 26. Rb1 Rf1+ 27.
Qxf1 Rxf1+ 28. Rxf1 a6 29. Nc3 Qd2 30. Nxd5 Nxd4 31. Rf8+ Ka7 32. Nxc7 Qxe3+
33. Kh1 b6 34. axb6+ Kb7 35. Nd5 Qe1+ 36. Kh2 Qe5+ 37. Kg1 Ne6 38. Rc7+ Qxc7
39. bxc7 Nxf8 40. Nxe7 Kxc7 41. Kf2 Kd6 42. Nc8+ Kc5 43. Ke3 a5 44. Kd3 Ne6 45.
g3 a4 46. Kc3 Ng5 0-1

[Event "Schachwoche"]
[Site "Doerentrup"]
[Date "2006.06.13"]
[Round "4"]
[White "Peters, Frank"]
[Black "Stabolewski, Andreas"]
[Result "0-1"]
[WhiteElo "2087"]
[BlackElo "2228"]
[PlyCount "60"]
[EventDate "2006.??.??"]

1. c4 e6 2. Nc3 d5 3. d4 Nf6 4. Nf3 Be7 5. g3 O-O 6. Bg2 dxc4 7. O-O Nc6 8. e4
Rb8 9. a4 a6 10. d5 exd5 11. exd5 Nb4 12. Ne5 Bf5 13. Nxc4 Bd3 14. Ne3 Bxf1 15.
Qxf1 Re8 16. Qc4 Qd7 17. g4 b5 18. axb5 axb5 19. Qe2 Bc5 20. g5 Nfxd5 21. Ncxd5
Nxd5 22. Qd3 c6 23. Bd2 Red8 24. Nxd5 cxd5 25. b4 Bb6 26. Bf4 Ra8 27. Rd1 Qg4
28. Bg3 Ra3 29. Qf1 d4 30. h4 d3 0-1

[Event "Schachwoche"]
[Site "Doerentrup"]
[Date "2006.06.13"]
[Round "4"]
[White "Meyer, Gerd"]
[Black "Petrasch, Hans-Jürgen"]
[Result "1-0"]
[WhiteElo "2057"]
[BlackElo "1641"]
[PlyCount "49"]
[EventDate "2006.??.??"]

1. e4 c5 2. c3 d5 3. exd5 Qxd5 4. d4 e6 5. Nf3 Nc6 6. Be3 cxd4 7. cxd4 Bb4+ 8.
Nc3 Nge7 9. Bd3 O-O 10. O-O Qa5 11. Ne4 Nd5 12. a3 Be7 13. b4 Nxe3 14. fxe3 Qd8
15. Qc2 f5 16. Nc5 Bg5 17. Rae1 Bxe3+ 18. Rxe3 Nxd4 19. Qc4 b6 20. Nxd4 bxc5
21. Nxe6 Bxe6 22. Qxe6+ Kh8 23. Rxf5 Qd4 24. Rxf8+ Rxf8 25. Qe4 1-0

[Event "Schachwoche"]
[Site "Doerentrup"]
[Date "2006.06.13"]
[Round "4"]
[White "Kreie, Günther"]
[Black "Tamm, Rudolf"]
[Result "1-0"]
[WhiteElo "1968"]
[BlackElo "1647"]
[PlyCount "47"]
[EventDate "2006.??.??"]

1. e4 d5 2. exd5 Nf6 3. d4 c6 4. Nf3 Bg4 5. Be2 Nxd5 6. O-O e6 7. c4 Nb6 8. Nc3
Bxf3 9. gxf3 Qh4 10. Ne4 N8d7 11. Bg5 Qh3 12. Bf4 O-O-O 13. Bg3 Be7 14. Qd2 e5
15. c5 Nxc5 16. Qa5 Nxe4 17. fxe4 Kc7 18. Qxe5+ Bd6 19. Qe7+ Rd7 20. Bxd6+ Kc8
21. Qg5 f5 22. Be5 Rf7 23. Rac1 Nd7 24. Rc3 1-0

[Event "Schachwoche"]
[Site "Doerentrup"]
[Date "2006.06.14"]
[Round "5"]
[White "Kumeth, Hartmut"]
[Black "Tamm, Rudolf"]
[Result "0-1"]
[WhiteElo "1600"]
[BlackElo "1647"]
[PlyCount "64"]
[EventDate "2006.??.??"]

1. d4 Nf6 2. c4 e5 3. dxe5 Ng4 4. e6 fxe6 5. e4 Bb4+ 6. Bd2 Nxf2 7. Kxf2 O-O+
8. Nf3 Bc5+ 9. Be3 Bd6 10. g3 Nc6 11. Kg2 Qf6 12. Nc3 a6 13. Be2 b6 14. Rf1 Bb7
15. Nd4 Qg6 16. Bh5 Rxf1 17. Bxg6 Rxd1 18. Bxh7+ Kxh7 19. Rxd1 Rf8 20. Nxc6
Bxc6 21. Bxb6 Rb8 22. Be3 Rxb2+ 23. Rd2 Rb4 24. c5 Be5 25. Ne2 Rxe4 26. Kf2 Ra4
27. Bf4 Bxf4 28. Nxf4 Ra3 29. Nd3 Rc3 30. Ke3 e5 31. Kf2 e4 32. Nb4 e3+ 0-1

[Event "Schachwoche"]
[Site "Doerentrup"]
[Date "2006.06.14"]
[Round "5"]
[White "Stabolewski, Andreas"]
[Black "Meyer, Gerd"]
[Result "0-1"]
[WhiteElo "2228"]
[BlackElo "2057"]
[PlyCount "102"]
[EventDate "2006.??.??"]

1. Nf3 d5 2. g3 Bg4 3. Bg2 c6 4. O-O Nd7 5. d3 e5 6. h3 Bh5 7. Nbd2 Bd6 8. e4
Ne7 9. Qe2 O-O 10. Re1 d4 11. Nf1 f6 12. Bd2 b5 13. N1h2 a5 14. h4 c5 15. Bh3
Bf7 16. Rf1 c4 17. Ne1 Qc7 18. f4 c3 19. bxc3 dxc3 20. Bc1 b4 21. Nef3 Nc6 22.
f5 a4 23. Be3 Ra5 24. g4 Rfa8 25. g5 Kh8 26. gxf6 gxf6 27. Ng4 Bh5 28. Nh6 Bf8
29. Kh1 Nd4 30. Bxd4 exd4 31. Ng5 Be8 32. Ngf7+ Bxf7 33. Nxf7+ Kg8 34. Qh5 Ne5
35. Rg1+ Bg7 36. Rxg7+ Kxg7 37. Rg1+ Kf8 38. Qh6+ Ke7 39. Nxe5 Qxe5 40. Rg7+
Kd6 41. Rf7 Rc8 42. Rxf6+ Kc5 43. Qg5 Rc6 44. Rf7 b3 45. Qd8 Kb4 46. Rb7+ Rb5
47. Rd7 b2 48. Rxd4+ Ka3 49. Qf8+ Rcc5 50. Rd5 b1=Q+ 51. Kg2 Qxc2+ 0-1

[Event "Schachwoche"]
[Site "Doerentrup"]
[Date "2006.06.14"]
[Round "5"]
[White "Wempe, Jürgen"]
[Black "Peters, Frank"]
[Result "0-1"]
[WhiteElo "2208"]
[BlackElo "2087"]
[PlyCount "100"]
[EventDate "2006.??.??"]

1. e4 g6 2. d4 Bg7 3. Nc3 c6 4. Be3 d5 5. f3 Nf6 6. Nge2 O-O 7. Qd2 dxe4 8.
Nxe4 e5 9. Nxf6+ Bxf6 10. O-O-O Nd7 11. Nc3 Nb6 12. Ne4 Bg7 13. dxe5 Qxd2+ 14.
Rxd2 Bxe5 15. Bg5 Be6 16. f4 Bg7 17. Nf6+ Bxf6 18. Bxf6 Nd5 19. Bg5 f6 20. Bh6
Rfd8 21. Be2 Ne3 22. Rg1 Rxd2 23. Kxd2 Nf5 24. Bg4 Rd8+ 25. Kc1 Kf7 26. Bxf5
gxf5 27. Re1 Rg8 28. Re3 Rxg2 29. Rg3 Rxg3 30. hxg3 Kg6 31. Bf8 Kh5 32. Bb4 Kg4
33. Be1 Kf3 34. Kd2 Bxa2 35. b3 a5 36. Kd3 b6 37. Kd2 h5 38. Kd3 Bb1 39. Kd2
Ba2 40. Kd3 c5 41. Kd2 b5 42. Kc1 a4 43. Kb2 axb3 44. cxb3 b4 45. Kxa2 Ke2 46.
g4 fxg4 47. Bh4 f5 48. Kb2 Kf3 49. Kc2 g3 50. Be7 h4 0-1

[Event "Schachwoche"]
[Site "Doerentrup"]
[Date "2006.06.15"]
[Round "6"]
[White "Stabolewski, Andreas"]
[Black "Tamm, Rudolf"]
[Result "1-0"]
[WhiteElo "2228"]
[BlackElo "1647"]
[PlyCount "75"]
[EventDate "2006.??.??"]

1. d4 Nf6 2. Nf3 g6 3. c4 Bg7 4. Nc3 O-O 5. e4 d6 6. Be2 c5 7. d5 e5 8. O-O a6
9. Ne1 Qc7 10. Rb1 Nbd7 11. Bd2 Nb6 12. b3 Bd7 13. Qc2 Rae8 14. Nd3 Qc8 15. f3
Nh5 16. g4 Nf4 17. Nxf4 exf4 18. Bxf4 Bd4+ 19. Kh1 Be5 20. Bxe5 dxe5 21. Qd2
Qd8 22. Qe3 Qc7 23. Rbd1 Qd6 24. Rd2 Bc8 25. Nd1 Nd7 26. Qh6 f6 27. Ne3 Rf7 28.
Rg1 Qf8 29. Qxf8+ Rexf8 30. Rb1 b6 31. b4 cxb4 32. Rxb4 a5 33. Rb1 Ba6 34. d6
Rb8 35. Nd5 Kf8 36. Nc7 Nc5 37. Rd5 Rb7 38. d7 1-0

[Event "Schachwoche"]
[Site "Doerentrup"]
[Date "2006.06.15"]
[Round "6"]
[White "Wempe, Jürgen"]
[Black "Kreie, Günther"]
[Result "1-0"]
[WhiteElo "2208"]
[BlackElo "1968"]
[PlyCount "123"]
[EventDate "2006.??.??"]

1. d4 Nf6 2. Qd3 d5 3. Nf3 e6 4. Bf4 Bd6 5. Bxd6 Qxd6 6. Nbd2 O-O 7. c4 b6 8.
Rc1 c5 9. e4 dxe4 10. Nxe4 Nxe4 11. Qxe4 Qc6 12. Qxc6 Nxc6 13. dxc5 bxc5 14.
Rd1 Rd8 15. Rxd8+ Nxd8 16. g3 Rb8 17. b3 Nc6 18. Kd2 Bb7 19. Bg2 Rd8+ 20. Ke3
Nb4 21. Ne1 Bxg2 22. Nxg2 Rd3+ 23. Ke2 Rd6 24. a3 Nc6 25. Rd1 Rxd1 26. Kxd1 Kf8
27. Kd2 Ke7 28. Nf4 a5 29. Kc3 g5 30. Nd3 Kd6 31. f3 f5 32. f4 gxf4 33. gxf4 e5
34. fxe5+ Nxe5 35. Nf4 Nc6 36. Nd5 Ke5 37. Nb6 Kd6 38. Kd3 Ne5+ 39. Ke2 Kc6 40.
Na4 Kd6 41. h3 Nc6 42. Ke3 Nd4 43. Kf4 Nxb3 44. Kxf5 Nd2 45. Nb2 Ke7 46. Ke5
Kd7 47. Kd5 Kc7 48. Kxc5 Nb1 49. a4 Nd2 50. Kd5 Nf3 51. Nd3 Nd2 52. c5 Nb1 53.
Kd4 Nd2 54. Ne5 Nb3+ 55. Kc4 Nd2+ 56. Kb5 Nb3 57. Nc6 h6 58. Ne7 Kd7 59. Ng8
Nd4+ 60. Kb6 Nf5 61. Kb7 Kd8 62. Nxh6 1-0

[Event "Schachwoche"]
[Site "Doerentrup"]
[Date "2006.06.15"]
[Round "6"]
[White "Peters, Frank"]
[Black "Meyer, Gerd"]
[Result "1-0"]
[WhiteElo "2087"]
[BlackElo "2057"]
[PlyCount "117"]
[EventDate "2006.??.??"]

1. c4 e6 2. g3 d5 3. d4 c5 4. Nf3 Nc6 5. cxd5 exd5 6. Bg2 Nf6 7. O-O cxd4 8.
Nxd4 Bc5 9. Nxc6 bxc6 10. Qc2 Qb6 11. Nc3 Be7 12. Be3 Qa6 13. Na4 O-O 14. Nc5
Bxc5 15. Bxc5 Re8 16. e3 Ne4 17. Rfc1 Bf5 18. Bf1 Qc8 19. Bd3 Bg4 20. Bd4 Qf5
21. f4 Re6 22. Bxe4 dxe4 23. Qc5 Qg6 24. Qg5 Qxg5 25. fxg5 Rd6 26. Rc5 Be6 27.
Ra5 Rd5 28. Rxd5 Bxd5 29. Rc1 a6 30. Rc5 Bxa2 31. Rxc6 Bb1 32. h4 Bd3 33. Kf2
g6 34. g4 Kf8 35. Rc7 Rb8 36. Kg3 Kg8 37. Kf4 Re8 38. h5 Bb5 39. hxg6 fxg6 40.
Rg7+ Kf8 41. Rxh7 Re6 42. Ra7 Be8 43. Bg7+ Kg8 44. Be5 Kf8 45. Kxe4 Bc6+ 46.
Kd4 Bf3 47. e4 Bxg4 48. Kd5 Rb6 49. Bd6+ Kg8 50. b4 Be2 51. e5 Rb5+ 52. Ke6 Bd3
53. Kf6 Rb6 54. Ra8+ Kh7 55. Rc8 Bf5 56. Rd8 Rc6 57. e6 Rc1 58. e7 Rf1 59. Rh8+
1-0

[Event "Schachwoche"]
[Site "Doerentrup"]
[Date "2006.06.16"]
[Round "7"]
[White "Meyer, Gerd"]
[Black "Kumeth, Hartmut"]
[Result "1-0"]
[WhiteElo "2057"]
[BlackElo "1600"]
[PlyCount "45"]
[EventDate "2006.??.??"]

1. d4 c5 2. d5 Nf6 3. c4 Ne4 4. f3 Qa5+ 5. Bd2 Nxd2 6. Qxd2 Qxd2+ 7. Nxd2 g6 8.
e3 Bg7 9. Rb1 d6 10. Bd3 Nd7 11. h3 O-O 12. Ne2 e5 13. Ne4 f5 14. Nxd6 Rf6 15.
Nxc8 Rxc8 16. e4 fxe4 17. Bxe4 Rb6 18. b3 Nf6 19. Nc3 Nxe4 20. Nxe4 Bh6 21. Kf2
Ra6 22. a4 Bf8 23. Rhe1 1-0

[Event "Schachwoche"]
[Site "Doerentrup"]
[Date "2006.06.16"]
[Round "7"]
[White "Tamm, Rudolf"]
[Black "Wempe, Jürgen"]
[Result "0-1"]
[WhiteElo "1647"]
[BlackElo "2208"]
[PlyCount "54"]
[EventDate "2006.??.??"]

1. d4 f5 2. Nf3 Nf6 3. g3 e6 4. Bg2 Be7 5. O-O O-O 6. c4 d6 7. Nc3 Qe8 8. Re1
Qg6 9. Ng5 h6 10. Nxe6 Bxe6 11. Bxb7 Nbd7 12. e4 Rab8 13. Bc6 fxe4 14. Nxe4 Rb6
15. Nxf6+ Bxf6 16. Rxe6 Rxc6 17. Qe2 Rb6 18. Be3 Qf5 19. d5 Rxb2 20. Qf1 Nc5
21. Rxf6 Qxf6 22. Re1 Ne4 23. Re2 Rxe2 24. Qxe2 Qf3 25. Qc2 Rf5 26. Bxa7 Nxg3
27. hxg3 Rh5 0-1

[Event "Schachwoche"]
[Site "Doerentrup"]
[Date "2006.06.16"]
[Round "7"]
[White "Petrasch, Hans-Jürgen"]
[Black "Stabolewski, Andreas"]
[Result "0-1"]
[WhiteElo "1641"]
[BlackElo "2228"]
[PlyCount "64"]
[EventDate "2006.??.??"]

1. c4 e5 2. Nc3 Nc6 3. Nf3 g6 4. d4 exd4 5. Nxd4 Bg7 6. e3 Nf6 7. Be2 O-O 8.
O-O Re8 9. Bf3 Ne5 10. Qe2 d6 11. Rd1 a6 12. h3 c5 13. Nb3 Be6 14. Bd5 Nxd5 15.
Nxd5 Rb8 16. Bd2 Qh4 17. f4 Bxd5 18. cxd5 Nd7 19. Rf1 Bxb2 20. Rab1 Bg7 21. Rf3
Nf6 22. Be1 Qh6 23. Rd1 Ne4 24. g4 Bc3 25. Nc1 Qg7 26. g5 h5 27. h4 c4 28. f5
Qe5 29. fxg6 fxg6 30. Kg2 Bxe1 31. Rxe1 Nc3 32. Qc2 Nxd5 0-1